Informe que eleva el Alcalde Presidente del Ayuntamiento de Madrid Excmo. Sr. D. José del Prado y Palacio al Excmo. Sr. Ministro de la Gobernación referente al establecimiento de una fábrica de harinas, una panadería y silos para almacenar los trigos. (Record no. 120731)

MARC details
000 -LEADER
campo de control de longitud fija 00851nam a2200193 i 4500
001 - NÚMERO DE CONTROL
campo de control 120731
003 - IDENTIFICADOR DE NÚMERO DE CONTROL
campo de control ES-MaACL
005 - FECHA Y HORA DE LA ÚLTIMA TRANSACCIÓN
campo de control 20230906191618.0
007 - CAMPO FIJO DE DESCRIPCIÓN FÍSICA--INFORMACIÓN GENERAL
campo de control de longitud fija t|
008 - DATOS DE LONGITUD FIJA--INFORMACIÓN GENERAL
campo de control de longitud fija 070214s1915 sp r ||||1| spa d
100 1# - ENTRADA PRINCIPAL--NOMBRE DE PERSONA
Nombre de persona Prado y Palacio, José del.
9 (RLIN) 93628
245 10 - MENCIÓN DEL TÍTULO
Título Informe que eleva el Alcalde Presidente del Ayuntamiento de Madrid Excmo. Sr. D. José del Prado y Palacio al Excmo. Sr. Ministro de la Gobernación referente al establecimiento de una fábrica de harinas, una panadería y silos para almacenar los trigos.
260 ## - PUBLICACIÓN, DISTRIBUCIÓN, ETC.
Lugar de publicación, distribución, etc. Madrid :
Nombre del editor, distribuidor, etc. [s. n.],
Fecha de publicación, distribución, etc. 1915 (
Fabricante Imp. Municipal)
300 ## - DESCRIPCIÓN FÍSICA
Extensión 15 p., [7] h., [2] h. pleg. de planos ;
Dimensiones 27 cm.
594 ## - Nota al título y mención de responsabilidad
Nota al título y mención de responsabilidad Precede al tít.: Ayuntamiento de Madrid.
650 #4 - PUNTO DE ACCESO ADICIONAL DE MATERIA--TÉRMINO DE MATERIA
Término de materia o nombre geográfico como elemento de entrada Industria del pan-
Subdivisión geográfica Madrid.
9 (RLIN) 164027
650 #4 - PUNTO DE ACCESO ADICIONAL DE MATERIA--TÉRMINO DE MATERIA
Término de materia o nombre geográfico como elemento de entrada Cooperativas de producción-
Subdivisión geográfica Madrid.
9 (RLIN) 164028
852 ## - LOCALIZACIÓN
Ubicación ES-MaACL
Número de control de estantería 1500-F-4
Holdings
Estatus retirado Estado de pérdida Estado de daño No para préstamo Colección Biblioteca de origen Biblioteca actual Ubicación en estantería Fecha de adquisición Fuente de adquisición Total de préstamos Signatura topográfica completa Código de barras Visto por última vez Precio de reemplazo Tipo de ítem Koha
        Colección de folletos Biblioteca del Ateneo de Madrid Biblioteca del Ateneo de Madrid Depósito folletos 17/01/2008     1500-F-4 1125839 23/02/2023 23/02/2023 Folleto